| 000 | 00515nam a2200169Ia 4500 | ||
|---|---|---|---|
| 008 | 230917s9999||||xx |||||||||||||| ||und|| | ||
| 020 | _cGBP25.99 | ||
| 040 |
_e221422 _aMAIN |
||
| 041 | _aEnglish | ||
| 082 | _a362.256 M132F | ||
| 100 | _aMcClintock, J Thomas | ||
| 245 | 0 | _aForensic analysis of biological evidence: A laboratory guide for serological and DNA typing | |
| 260 |
_aBoca Raton _bCRC Press _c2014 |
||
| 300 | _axxiii, 152 p. | ||
| 500 | _a1743 27/12/2014 KB432 13/01/2015 Main Budget | ||
| 942 | _cBK | ||
| 999 |
_c13053 _d13053 |
||